|
|
|
|
| LEADER |
01458nam a2200361 a 4500 |
| 001 |
39916 |
| 003 |
BD-DhAAL |
| 005 |
20221101160151.0 |
| 008 |
221101t2009 njua b 001 0 eng d |
| 999 |
|
|
|c 44871
|d 44871
|
| 010 |
|
|
|a 2008027917
|
| 020 |
|
|
|a 9780691120348 (hardcover : alk. paper)
|
| 020 |
|
|
|a 9780691120355 (pbk. : alk. paper)
|
| 020 |
|
|
|a 0691120358 (pbk. : alk. paper)
|
| 020 |
|
|
|a 069112034X (hardcover : alk. paper)
|
| 035 |
|
|
|a (OCoLC)ocn231586808
|
| 040 |
|
|
|a DLC
|c DLC
|d BTCTA
|d BAKER
|d YDXCP
|d C#P
|d BWX
|d CDX
|d GZM
|d UBA
|d DLC
|d BD-DhAAL
|
| 050 |
0 |
0 |
|a HB139
|b .A54 2009
|
| 082 |
0 |
0 |
|a 330.015195
|2 22
|
| 100 |
1 |
|
|a Angrist, Joshua David.
|9 52124
|
| 245 |
1 |
0 |
|a Mostly harmless econometrics :
|b an empiricist's companion /
|c Joshua D. Angrist and Jörn-Steffen Pischke.
|
| 260 |
|
|
|a Princeton :
|b Princeton University Press,
|c c2009.
|
| 300 |
|
|
|a xiii, 373 pages :
|b illustrations ;
|c 22 cm.
|
| 504 |
|
|
|a Includes bibliographical references (pages [339]-359) and index.
|
| 526 |
|
|
|a BIGD
|
| 541 |
|
|
|a Book Finder International
|e 39916
|
| 650 |
|
0 |
|a Econometrics.
|9 52125
|
| 650 |
|
0 |
|a Regression analysis.
|9 52126
|
| 650 |
|
0 |
|a Economics.
|9 52127
|
| 700 |
1 |
|
|a Pischke, Jörn-Steffen.
|9 52128
|
| 852 |
|
|
|a Ayesha Abed Library
|
| 942 |
|
|
|2 ddc
|c BK
|
| 952 |
|
|
|0 0
|1 0
|2 ddc
|4 0
|6 330_015195000000000_ANG
|7 0
|9 72189
|a IGS
|b IGS
|c GEN
|d 2022-10-27
|e Book Finder International
|g 3719.75
|l 0
|o 330.015195 ANG
|p 3010039916
|r 2022-10-27
|t 1
|v 3719.75
|w 2022-10-27
|y BK
|